00531nam a2200133Ia 4500008004100000100004800041245006600089245009100155260005300246260001400299300000800313650001500321856006100336170221s9999 xx 000 0 und d aAbdulmumini Baba Alfa, Mohd Zaini Abd Karim aStudent Enthusiasm as a Key Determinant of their Performance  cAbdulmumini Baba Alfa, Mohd Zaini Abd KarimAbdulmumini Baba Alfa, Mohd Zaini Abd Karim bInternational Review of Management and Marketing cJune 2012 a4:1 xMarketing. uhttp://www.econjournals.com/index.php/irmm/issue/view/72